The mysterious affair at styles / (Record no. 27814)
[ view plain ]
| 000 -LEADER | |
|---|---|
| fixed length control field | 01977cam a22004215i 4500 |
| 001 - CONTROL NUMBER | |
| control field | 015903008 |
| 003 - CONTROL NUMBER IDENTIFIER | |
| control field | EG-ScBUE |
| 005 - DATE AND TIME OF LATEST TRANSACTION | |
| control field | 20191211120409.0 |
| 006 - FIXED-LENGTH DATA ELEMENTS--ADDITIONAL MATERIAL CHARACTERISTICS--GENERAL INFORMATION | |
| fixed length control field | m||||fq||h z00| 0 |
| 008 - FIXED-LENGTH DATA ELEMENTS--GENERAL INFORMATION | |
| fixed length control field | 110930r20121920enk f d 000 f eng d |
| 020 ## - INTERNATIONAL STANDARD BOOK NUMBER | |
| International Standard Book Number | 9780007451524 (pbk.) |
| 040 ## - CATALOGING SOURCE | |
| Original cataloging agency | StDuBDS |
| Language of cataloging | eng |
| Description conventions | rda |
| Transcribing agency | StDuBDS |
| Modifying agency | EG-ScBUE |
| 082 04 - DEWEY DECIMAL CLASSIFICATION NUMBER | |
| Classification number | 823.912 |
| Item number | CHR |
| Edition number | 22 |
| 100 1# - MAIN ENTRY--PERSONAL NAME | |
| Personal name | Christie, Agatha, |
| Dates associated with a name | 1890-1976, |
| Relator term | author. |
| 245 14 - TITLE STATEMENT | |
| Title | The mysterious affair at styles / |
| Statement of responsibility, etc | Agatha Christie. |
| 246 34 - VARYING FORM OF TITLE | |
| Title proper/short title | Mysterious affair at styles : |
| Remainder of title | poirot's first case |
| 250 ## - EDITION STATEMENT | |
| Edition statement | Reprint edition. |
| 250 ## - EDITION STATEMENT | |
| Edition statement | Abridged edition. |
| 264 #1 - PUBLICATION, DISTRIBUTION, ETC. (IMPRINT) | |
| Place of publication, distribution, etc | London : |
| Name of publisher, distributor, etc | Collins / HarperCollins Pablishers |
| Date of publication, distribution, etc | 2012. |
| 300 ## - PHYSICAL DESCRIPTION | |
| Extent | 122 pages ; |
| Dimensions | 20 cm. + |
| Accompanying material | 1 audio CD-ROM. |
| 336 ## - CONTENT TYPE | |
| Content type term | text |
| Content type code | txt |
| Source | rdacontent |
| 336 ## - CONTENT TYPE | |
| Content type term | sounds |
| Source | rdacontent |
| Content type code | snd |
| 337 ## - MEDIA TYPE | |
| Media type term | unmediated |
| Media type code | n |
| Source | rdamedia |
| 337 ## - MEDIA TYPE | |
| Media type term | computer |
| Media type code | c |
| Source | rdamedia |
| 338 ## - CARRIER TYPE | |
| Carrier type term | volume |
| Carrier type code | nc |
| Source | rdacarrier |
| 338 ## - CARRIER TYPE | |
| Carrier type term | computer disc |
| Carrier type code | cd |
| Source | rdacarrier |
| 490 0# - SERIES STATEMENT | |
| Series statement | Collins English readers |
| 500 ## - GENERAL NOTE | |
| General note | Includes glossary. |
| 500 ## - GENERAL NOTE | |
| General note | "Copyright c2012 The mysterious affair at styles abridged edition Agatha Christie Limited." -- back title page. |
| 500 ## - GENERAL NOTE | |
| General note | Original text first published, 1920. |
| 520 ## - SUMMARY, ETC. | |
| Summary, etc | "Recently, there have been some strange things happening at Styles Court, a large country house in Essex. Evelyn Howard, who was a loyal servant to the family for years, left the house after an argument with Mrs Inglethrop. After that, the atmosphere changes and Mrs Inglethrop suffers a fatal fit in her bed. Has she been poisoned? The air is full of suspicion. It is up the famous Belgian detective, Hercule Poirot, to find out what happened."--Publisher's description. |
| 600 17 - SUBJECT ADDED ENTRY--PERSONAL NAME | |
| Personal name | Poirot, Hercule |
| Titles and other words associated with a name | (Fictitious character) |
| General subdivision | Fiction. |
| Source of heading or term | BUEsh |
| 650 #7 - SUBJECT ADDED ENTRY--TOPICAL TERM | |
| Topical term or geographic name as entry element | Private investigators |
| Geographic subdivision | England |
| Form subdivision | Fiction. |
| Source of heading or term | BUEsh |
| 653 ## - INDEX TERM--UNCONTROLLED | |
| Resource For college | Humanities: English |
| Arrived date list | November2019 |
| 655 ## - INDEX TERM--GENRE/FORM | |
| Form subdivision | Reading book |
| 655 #0 - INDEX TERM--GENRE/FORM | |
| Genre/form data or focus term | Detective and mystery stories. |
| 942 ## - ADDED ENTRY ELEMENTS (KOHA) | |
| Source of classification or shelving scheme | Dewey Decimal Classification |
| Koha item type | Book - Borrowing |
| Withdrawn status | Lost status | Source of classification or shelving scheme | Damaged status | Not for loan | Collection code | Home library | Current library | Shelving location | Date acquired | Source of acquisition | Cost, normal purchase price | Total Checkouts | Full call number | Barcode | Date last seen | Date checked out | Cost, replacement price | Price effective from | Koha item type | Public note |
|---|---|---|---|---|---|---|---|---|---|---|---|---|---|---|---|---|---|---|---|---|
| Dewey Decimal Classification | Baccah | Central Library | Central Library | Group Study Rooms | 23/11/2019 | Purchase | 100.00 | 3 | 823.912 CHR | 000048296 | 15/07/2025 | 13/03/2024 | 125.00 | 23/11/2019 | Book - Borrowing | Room (E) - Agatha Christie | ||||
| Dewey Decimal Classification | Baccah | Central Library | Central Library | Second Floor | 24/11/2019 | Purchase | 823.912 CHR | 000048314 | 24/08/2022 | 24/11/2019 | CD | DVD - With book |